Annual housing survey (Record no. 118262)
[ view plain ]
| 000 -LEADER | |
|---|---|
| fixed length control field | 01210cam a2200217 4500 |
| 001 - CONTROL NUMBER | |
| control field | WB@3612-385 |
| 008 - FIXED-LENGTH DATA ELEMENTS--GENERAL INFORMATION | |
| fixed length control field | 041102n2004 000 0 eng u |
| 035 ## - SYSTEM CONTROL NUMBER | |
| System control number | (Sirsi) u127889 |
| 245 ## - TITLE STATEMENT | |
| Title | Annual housing survey |
| 260 ## - PUBLICATION, DISTRIBUTION, ETC. | |
| Date of publication, distribution, etc. | 2004 |
| 490 ## - SERIES STATEMENT | |
| Series statement | ODPM Statistical Release |
| Volume/sequential designation | (2004/0256) 29 October 2004 (2) |
| 520 ## - SUMMARY, ETC. | |
| Summary, etc. | "Survey of English housing 2002-2003" has been released by the ODPM. The annual survey of nearly 20 000 households shows that there was a rise from 17.2m households in England in 1981 to 20.9m households in 2002-03. The number of households renting from councils fell from 5.1m in 1981 to 2.6m in 2002-03, however there was an increase in the number of households renting from a registered social landlord - up from 0.4m in 1981 to 1.2m in 2002-03. The full survey can be viewed and downloaded from: http://www.odpm.gov.uk/stellent/groups/odpm_contro l/documents/contentservertemplate/odpm_index.hcst? n=4051&l=4. http://www.odpm.gov.uk/pns/DisplayPN.cgi?pn_id=200 4_0256 |
| 590 ## - LOCAL NOTE (RLIN) | |
| Local note | WB |
| 590 ## - LOCAL NOTE (RLIN) | |
| Local note | WB |
| 650 ## - SUBJECT ADDED ENTRY--TOPICAL TERM | |
| Topical term or geographic name entry element | SURVEY OF ENGLISH HOUSING |
| 650 ## - SUBJECT ADDED ENTRY--TOPICAL TERM | |
| Topical term or geographic name entry element | HOUSING STATISTICS |
| 650 ## - SUBJECT ADDED ENTRY--TOPICAL TERM | |
| Topical term or geographic name entry element | ENGLISH HOUSING SURVEY |
| 650 ## - SUBJECT ADDED ENTRY--TOPICAL TERM | |
| Topical term or geographic name entry element | HOUSEHOLDS |
| 690 ## - LOCAL SUBJECT ADDED ENTRY--TOPICAL TERM (OCLC, RLIN) | |
| Topical term or geographic name as entry element | HOUSING |
| 942 ## - ADDED ENTRY ELEMENTS (KOHA) | |
| Suppress in OPAC | 0 |
| Withdrawn status | Lost status | Source of classification or shelving scheme | Damaged status | Not for loan | Home library | Current library | Shelving location | Date acquired | Total Checkouts | Full call number | Barcode | Date last seen | Copy number | Price effective from | Koha item type |
|---|---|---|---|---|---|---|---|---|---|---|---|---|---|---|---|
| Dewey Decimal Classification | London | London | News article | 02/11/2004 | WB4042-06 | 127889-1001 | 06/08/2019 | 1 | 06/08/2019 | News article |